Central Library OPAC University of Rajshahi

The frontiers of economic knowledge : (Record no. 42413)

MARC details
000 -LEADER
fixed length control field 00988nam a2200289 i 4500
001 - CONTROL NUMBER
control field 42413
003 - CONTROL NUMBER IDENTIFIER
rucl marc code RjUL
005 - DATE AND TIME OF LATEST TRANSACTION
control field 20211209053534.0
008 - FIXED-LENGTH DATA ELEMENTS--GENERAL INFORMATION
fixed length control field 160612r19651954nyu b 001 0 eng d
035 ## - SYSTEM CONTROL NUMBER
System control number (RjUL)
040 ## - CATALOGING SOURCE
Original cataloging agency ABC
Transcribing agency ABC
Modifying agency OCL
-- EQO
-- (BDRjUL)
Language of cataloging eng
041 ## - LANGUAGE CODE
Language code of text/sound track or separate title eng
082 ## - DEWEY DECIMAL CLASSIFICATION NUMBER
Edition number 23
Classification number 330
Author mark and year BUF 1954
090 ## - LOCALLY ASSIGNED LC-TYPE CALL NUMBER (OCLC); LOCAL CALL NUMBER (OCLC)
Classification number (OCLC) (R) ; Classification number, CALL (RLIN) (NR) HB171
Local cutter number (OCLC) ; Book number/undivided call number, CALL (RLIN) .B87 1965
100 1# - MAIN ENTRY--PERSONAL NAME
Personal name Burns, Arthur F.
Fuller form of name (Arthur Frank),
Dates associated with a name 1904-1987.
9 (RLIN) 130458
245 14 - TITLE STATEMENT
Title The frontiers of economic knowledge :
Remainder of title essays /
Statement of responsibility, etc. by Arthur F. Burns
260 ## - PUBLICATION, DISTRIBUTION, ETC. (IMPRINT)
Place of publication, distribution, etc. New York :
Name of publisher, distributor, etc. Wiley,
Date of publication, distribution, etc. 1965, c1954
300 ## - PHYSICAL DESCRIPTION
Pagination ix, 367 p. ;
Size 22 cm.
490 1# - SERIES STATEMENT
Series statement Science editions
Series statement General series -- National Brueau of Economic Research ; no. 57
504 ## - BIBLIOGRAPHY, ETC. NOTE
Bibliography, etc Includes bibliographical references and index
650 #0 - SUBJECT ADDED ENTRY--TOPICAL TERM
Topical term or geographic name as entry element Economics
9 (RLIN) 130459
651 #0 - SUBJECT ADDED ENTRY--GEOGRAPHIC NAME
Geographic name United States
General subdivision Economic policy
9 (RLIN) 130460
830 #0 - SERIES ADDED ENTRY--UNIFORM TITLE
Uniform title Science editions
Uniform title General series (National Bureau of Economic Research) ;
Volume number/sequential designation no. 57
942 ## - ADDED ENTRY ELEMENTS (KOHA)
Source of classification or shelving scheme Dewey Decimal Classification
Koha item type Books
Holdings
Lost status Source of classification or shelving scheme Damaged status Not for loan Collection code Permanent Location Current Location Shelving location Date acquired Source of acquisition Total Checkouts Full call number Date last seen Copy number Koha item type
  Dewey Decimal Classification     Non-fiction Central Library, University of Rajshahi Central Library, University of Rajshahi   12/01/1956 U.S.A   330 BUF 1954 20/09/2016 C-3 Books